सत्यशोधकी आणि आंबेडकरी जलसे. (Record no. 268249)

MARC details
000 -LEADER
fixed length control field 00760nam a2200181Ia 4500
008 - FIXED-LENGTH DATA ELEMENTS--GENERAL INFORMATION
fixed length control field 090630s9999 xx 000 0 und d
082 ## - DEWEY DECIMAL CLASSIFICATION NUMBER
Item number 16393
100 ## - MAIN ENTRY--PERSONAL NAME
Personal name हिवराळे सुखराम.
245 ## - TITLE STATEMENT
Title सत्यशोधकी आणि आंबेडकरी जलसे.
Statement of responsibility, etc हिवराळे सुखराम.
260 ## - PUBLICATION, DISTRIBUTION, ETC. (IMPRINT)
Name of publisher, distributor, etc प्रचार - कोल्हापूर.
300 ## - PHYSICAL DESCRIPTION
Extent 0
600 ## - SUBJECT ADDED ENTRY--PERSONAL NAME
Personal name हिवराळे सुखराम.
630 ## - SUBJECT ADDED ENTRY--UNIFORM TITLE
Uniform title सत्यशोधकी आणि आंबेडकरी जलसे.
655 ## - INDEX TERM--GENRE/FORM
Genre/form data or focus term इतर.
700 ## - ADDED ENTRY--PERSONAL NAME
Personal name हिवराळे सुखराम.
730 ## - ADDED ENTRY--UNIFORM TITLE
Uniform title सत्यशोधकी आणि आंबेडकरी जलसे.
942 ## - ADDED ENTRY ELEMENTS (KOHA)
Koha item type Book
Holdings
Withdrawn status Lost status Damaged status Not for loan Home library Current library Date acquired Cost, normal purchase price Total Checkouts Full call number Barcode Date last seen Cost, replacement price Price effective from Koha item type
        Sarvajanik Wachanalaya Shrivardhan Sarvajanik Wachanalaya Shrivardhan   40.00   16393 SAWASHRI-16393 06/30/2009 40.00 06/30/2009 Book